ASOIAF Coats of Arms Quiz Stats

 Plays Quiz Updated Dec 21, 2015

Score 0/20 Timer 07:00
2 Plays Today
% Correct
House Greyjoy of Pyke
95.8%
House Baratheon of Storm's End
94.6%
House Tyrell of Highgarden
93.7%
House Lannister of Casterly Rock
92.5%
House Bolton of the Dreadfort
90.5%
House Stark of Winterfell
89%
House Targaryen of King's Landing
87.3%
House Nymeros Martell of Sunspear
87.3%
House Arryn of The Eyrie
85.5%
House Mormont of Bear Island
81.9%
% Correct
House Seaworth of Cape Wrath
81.4%
House Tully of Riverrun
80.5%
House Frey of the Crossing
77.2%
House Karstark of Karhold
56.6%
House Hightower of the Hightower
51.6%
House Manderly of White Harbor
51.2%
House Connington of Griffin's Roost
46%
House Tarly of Horn Hill
39.1%
House Tarth of Evenfall Hall
33.4%
House Tallhart of Torrhen's Square
19.8%

You're not logged in!

Compare scores with friends on all Sporcle quizzes.
Join for Free
OR
Log In

You Might Also Like...

Show Comments

Extras

Top Quizzes Today


Score Distribution

Your Account Isn't Verified!

In order to create a playlist on Sporcle, you need to verify the email address you used during registration. Go to your Sporcle Settings to finish the process.

Report this User

Report this user for behavior that violates our Community Guidelines.

Details: